Immigrant working mothers reconciling work and childcare: the experience of Latin American and eastern european women in Milan /

Guardat en:
Dades bibliogràfiques
Autor principal: Bonizzoni, Paola
Format: Text
Etiquetes: Afegir etiqueta
Sense etiquetes, Sigues el primer a etiquetar aquest registre!

MARC

LEADER 00000 a a2200000 04500
001 47393
003
040
100 |a Bonizzoni, Paola  
245 |a Immigrant working mothers reconciling work and childcare:   |b the experience of Latin American and eastern european women in Milan /  |c Paola Bonizzoni  
590 |a DISEMINAR042015  
773 |g volumen21, número2, (2014), páginas 194-217  
999 |c 32161  |d 32161